000 00302nam a22001337a 4500
008 170529b xxu||||| |||| 00| 0 eng d
020 _a0881321257
041 _aeng
080 _2
_a94(7/8)
100 _a16
101 _aSHH
245 _aLATIN AMERICAN ADJUSTMENT
_cWILLIAMSON,J
942 _2udc
_cBK
999 _c14955
_d14955